| 000 | 00693nam a2200217Ia 4500 | ||
|---|---|---|---|
| 008 | 220216s9999 xx 000 0 und d | ||
| 100 | _aBilgili Ecevit | ||
| 245 | 0 | _aOn the consequences of limiting chain extensibility of vulcanized rubbers: Stiffening, self-homogenization, and coupling of strain components | |
| 260 |
_bJournal of Elastomers and Plastics _c2008 |
||
| 300 | _a77-93 | ||
| 650 | _aGent model | ||
| 650 | _aHelical shear | ||
| 650 | _aHyperelasticity | ||
| 650 | _aLimiting chain extensibility | ||
| 650 | _aStiffening | ||
| 650 | _aStiff-homogenization | ||
| 650 | _aVulcanized rubber | ||
| 700 | _aArastoopour Hamid | ||
| 700 | _aBernstein Barry | ||
| 942 | _cJS | ||
| 999 |
_c64358 _d64358 |
||